| 000 | 00000nam##2200000za#4500 |
| 001 | 9.571653 |
| 003 | CaOODSP |
| 005 | 20211126112844 |
| 007 | cr ||||||||||| |
| 008 | 150406|1996||||xxc|||||o f|0| 0 eng|d |
| 022 | |a1701-9397 |
| 040 | |aCaOODSP|beng |
| 043 | |an-cn--- |
| 086 | 1 |aFB3-2/96-6E-PDF |
| 110 | 2 |aBank of Canada. |
| 245 | 10|aProvincial credit ratings in Canada : |h[electronic resource]|ban ordered probit analysis / |cby Stella Cheung. |
| 260 | |aOttawa - Ontario : |bBank of Canada |cApril 1996. |
| 300 | |a47p.|bgraphs, references, tables |
| 490 | 1 |aBank of Canada working paper|x1701-9397|v96-6 |
| 500 | |a"The author estimates the relationship between the provincial credit ratings, as assessed by Standard & Poor's, and a number of economic variables, using the ordered probit methodology."--Abstract. |
| 500 | |aThe ISBN (0-662-24417-6) and ISSN (1192-5434) for the print edition have been incorrectly copied in this electronic publication. |
| 520 | 3 |aThe author estimates the relationship between the provincial credit ratings, as assessed by Standard & Poor's, and a number of economic variables, using the ordered probit methodology.--Abstract |
| 546 | |aRésumé en français. |
| 590 | |a11-19-Supp|b2011-09-23 |
| 690 | 07|aEconomy|2gcpds |
| 720 | 1 |aCheung, Stella |
| 776 | 0#|tProvincial credit ratings in Canada : |w(CaOODSP)9.612950 |
| 830 | #0|aWorking paper (Bank of Canada)|x1701-9397|v96-6|w(CaOODSP)9.504604 |
| 856 | 40|ahttp://publications.gc.ca|qPDF|s1.13 MB|uhttps://publications.gc.ca/collections/Collection/FB3-2-96-6E.pdf|y96-6 |